Numerical Modeling of Turbulent Swirling Two-Phase Flow in a Centrifugal Classifier; European Physical Journal Web of Conferences (EPJ Web of Conferences); Vol. 110 : Thermophysical Basis of Energy Technologies
| Parent link: | European Physical Journal Web of Conferences (EPJ Web of Conferences) Vol. 110 : Thermophysical Basis of Energy Technologies.— 2016.— [01070, 4 p.] |
|---|---|
| Autore principale: | |
| Ente Autore: | |
| Altri autori: | , |
| Riassunto: | Title screen The paper deals with the turbulent swirling flow in the vortex chamber. We study the process of fractional separation of solid particles on the basis of calculating the trajectories. As a result, the probability curves obtained separation Tromp at various regime parameters. |
| Lingua: | inglese |
| Pubblicazione: |
2016
|
| Soggetti: | |
| Accesso online: | http://dx.doi.org/10.1051/epjconf/201611001070 http://earchive.tpu.ru/handle/11683/33402 |
| Natura: | Elettronico Capitolo di libro |
| KOHA link: | https://koha.lib.tpu.ru/cgi-bin/koha/opac-detail.pl?biblionumber=647730 |
MARC
| LEADER | 00000nla2a2200000 4500 | ||
|---|---|---|---|
| 001 | 647730 | ||
| 005 | 20231101134500.0 | ||
| 035 | |a (RuTPU)RU\TPU\network\12882 | ||
| 035 | |a RU\TPU\network\12879 | ||
| 090 | |a 647730 | ||
| 100 | |a 20160421a2016 k y0engy50 ba | ||
| 101 | 0 | |a eng | |
| 105 | |a y z 100zy | ||
| 135 | |a drcn ---uucaa | ||
| 181 | 0 | |a i | |
| 182 | 0 | |a b | |
| 200 | 1 | |a Numerical Modeling of Turbulent Swirling Two-Phase Flow in a Centrifugal Classifier |f A. Shvab, P. N. Zyatikov, M. Goyko | |
| 203 | |a Text |c electronic | ||
| 300 | |a Title screen | ||
| 320 | |a [References: 2 tit.] | ||
| 330 | |a The paper deals with the turbulent swirling flow in the vortex chamber. We study the process of fractional separation of solid particles on the basis of calculating the trajectories. As a result, the probability curves obtained separation Tromp at various regime parameters. | ||
| 461 | 0 | |0 (RuTPU)RU\TPU\network\7958 |t European Physical Journal Web of Conferences (EPJ Web of Conferences) | |
| 463 | 0 | |0 (RuTPU)RU\TPU\network\12773 |t Vol. 110 : Thermophysical Basis of Energy Technologies |o Proceedings of the Conference, October 13-15, 2015, Tomsk, Russia |f National Research Tomsk Polytechnic University (TPU) ; eds. G. V. Kuznetsov [et al.] |v [01070, 4 p.] |d 2016 | |
| 610 | 1 | |a электронный ресурс | |
| 610 | 1 | |a труды учёных ТПУ | |
| 610 | 1 | |a численное моделирование | |
| 610 | 1 | |a турбулентные потоки | |
| 610 | 1 | |a вихревые камеры | |
| 610 | 1 | |a классификаторы | |
| 700 | 1 | |a Shvab |b A. |g Alexander | |
| 701 | 1 | |a Zyatikov |b P. N. |c geologist |c Professor of Tomsk Polytechnic University, Doctor of technical science |f 1947- |g Pavel Nikolaevich |2 stltpush |3 (RuTPU)RU\TPU\pers\34860 | |
| 701 | 1 | |a Goyko |b M. |g Marina | |
| 712 | 0 | 2 | |a Национальный исследовательский Томский политехнический университет (ТПУ) |b Институт природных ресурсов (ИПР) |b Кафедра геологии и разработки нефтяных месторождений (ГРНМ) |h 258 |2 stltpush |3 (RuTPU)RU\TPU\col\18657 |
| 801 | 2 | |a RU |b 63413507 |c 20161121 |g RCR | |
| 856 | 4 | |u http://dx.doi.org/10.1051/epjconf/201611001070 | |
| 856 | 4 | 0 | |u http://earchive.tpu.ru/handle/11683/33402 |
| 942 | |c CF | ||